00768cam a22002294a 450000100060000000300090000600500170001500800410003202000150007302000180008804000330010608200220013910000250016124501110018626000580029730000450035550000200040065000140042065000460043465000350048070000230051518430BD-DhUAP20201208145509.0201208r20112007ii a b 001 0 eng  a813150400X a9788131504000 aDNLM/DLCcDLCdBD-DhUAPbeng00a620.00151 SCH223 aSchilling, Robert J. aApplied numerical methods for engineers :busing MATLAB and C /cRobert J. Schilling and Sandra L. Harris. aAndover :bCengage learning,cc2007 [Reprinted 2011]. axx, 715 pages :billustrations ;c25 cm. aIncludes index. aMATLAB.  aEngineering mathematicsvData processing. aC (Computer program language). aHarris, Sandra L.